00688nam a2200205Ia 4500003000900000008004100009020001800050040001600068080001600084100002400100245012400124260003300248300001400281650002200295650001900317700002500336942000700361999001500368952009900383IN-BaIIA211028s9999 xx 000 0 eng d a0-08-019857-0 cIIA Library a621.38bFIS aFisher, J. E.99525 0aElectronicsbfrom theory into practicecJ. E. Fisher and H. B. Gatland  aOxfordbPergamon Pressc1976 axv, 489p. aElectronics91576 aNASA thesaurus aGatland, H. B.99526 cBK c5485d5485 00104070aBANbBANcGENd1977-05-10l0o621.38/ FISp6134r2021-11-05w1977-05-10yBK 17.50